| 000 | 00708nam a2200217 i 4500 | ||
|---|---|---|---|
| 001 | 135598 | ||
| 003 | ES-MaACL | ||
| 005 | 20230906194919.0 | ||
| 007 | t| | ||
| 008 | 070720s1966 sp ||||1| spa d | ||
| 080 | _a86.0(72)-821"19" | ||
| 100 | 1 |
_aTorres Bodet, Jaime. _9110929 |
|
| 245 | 1 | 0 |
_aVersos y prosas _b: introducción, selecciones y bibliografía de Sonja Karsen / _cJaime Torres Bodet. |
| 260 |
_aMadrid : _bIberoamericanas, _c1966. |
||
| 300 |
_a308 p. ; _c20 cm. |
||
| 490 | 1 | _aBiblioteca de autores hispanoamericanos | |
| 700 | 1 |
_aKarsen, Sonja. _967583 |
|
| 830 | 0 |
_aBiblioteca de autores hispanoamericanos _9187606 |
|
| 852 |
_aES-MaACL _jC-30404 _bR.60515 |
||
| 999 |
_c135598 _d135598 |
||